书目信息 |
| 题名: |
迷人的逻辑题
|
|
| 作者: | 贝洛斯 著 ;胡小锐 译 | |
| 分册: | ||
| 出版信息: | 北京 中信出版集团股份有限公司 2021.1 |
|
| 页数: | 10,402页 | |
| 开本: | 19cm | |
| 丛书名: | ||
| 单 册: | ||
| 中图分类: | O14 | |
| 科图分类: | ||
| 主题词: | 数理逻辑 | |
| 电子资源: | ||
| ISBN: | 978-7-5086-9376-7 | |
| 000 | 01070nam0 2200289 45 | |
| 001 | 012001002428 | |
| 005 | 20140914100318.0 | |
| 010 | @a978-7-5086-9376-7@dCNY59.00 | |
| 100 | @a20181112d2018 em y0chiy50 ea | |
| 101 | 1 | @achi@ceng |
| 102 | @aCN@b110000 | |
| 105 | @aa z 000yy | |
| 106 | @ar | |
| 200 | 1 | @a迷人的逻辑题@Ami ren de luo ji ti@b专著@f(英)亚历克斯·贝洛斯(Alex Bellos)著@g胡小锐译 |
| 210 | @a北京@c中信出版集团股份有限公司@d2021.1 | |
| 215 | @a10,402页@c图@d19cm | |
| 300 | @a并列题名:Can you solve my problems? | |
| 306 | @a本书限中国大陆发行 | |
| 312 | @a封面英文题名:Can you solve my problems? | |
| 330 | @a本书介绍了125道经典的逻辑趣味题,这些问题有的来自古代中国,有的来自中世纪欧洲,还有的来自现代日本。内容包含了狼、羊、卷心菜过河问题,数独问题,以及微软笔试中的渡河问题等。 | |
| 510 | 1 | @aCan you solve my problems?@zeng |
| 606 | 0 | @a数理逻辑 |
| 690 | @aO14@v5 | |
| 701 | 1 | @c(英)@a贝洛斯@Abei luo si@g(Bellos, Alex)@4著 |
| 702 | 0 | @a胡小锐@Ahu xiao rui@4译 |
| 801 | 0 | @aCN@bBJSDL@c20211011 |
| 905 | @b1339688-91@dO14@e144@f4 | |
| 迷人的逻辑题/(英)亚历克斯·贝洛斯(Alex Bellos)著/胡小锐译.-北京:中信出版集团股份有限公司,2021.1 |
| 10,402页:图;19cm |
| 并列题名:Can you solve my problems? |
| ISBN 978-7-5086-9376-7:CNY59.00 |
| 本书介绍了125道经典的逻辑趣味题,这些问题有的来自古代中国,有的来自中世纪欧洲,还有的来自现代日本。内容包含了狼、羊、卷心菜过河问题,数独问题,以及微软笔试中的渡河问题等。 |
| ● |
| 相关链接 |
|
|
|
|
正题名:迷人的逻辑题
索取号:O14/144
 
预约/预借
| 序号 | 登录号 | 条形码 | 馆藏地/架位号 | 状态 | 备注 |
| 1 | 1339688 | 213396886 | 第二样本阅览室/ [索取号:O14/144] | 在馆 | |
| 2 | 1339689 | 213396895 | 第三借阅区/ [索取号:O14/144] | 在馆 | |
| 3 | 1339690 | 213396902 | 第三借阅区/ [索取号:O14/144] | 在馆 | |
| 4 | 1339691 | 213396911 | 第三借阅区/ [索取号:O14/144] | 在馆 |